300. výročie vzniku Bank of England

Bank of England - 2. najväčšia centrálna banka. 27.7.1694 bola oficiálne ustanovená do úlohy vládneho bankára a správcu dlhu. História a činnosť banky od jej vzniku až po súčasnosť.

Enregistré dans:
Détails bibliographiques
Auteur principal: Martinko, R.
Format: Chapitre de livre
Langue:slovaque
Sujets:
Tags: Ajouter un tag
Pas de tags, Soyez le premier à ajouter un tag!

MARC

LEADER 00000naa a2200000 4500
001 r015377
005 20221205085832.8
041 0 |a slo 
044 |a SK 
245 1 0 |a 300. výročie vzniku Bank of England  |c R. Martinko 
520 |a Bank of England - 2. najväčšia centrálna banka. 27.7.1694 bola oficiálne ustanovená do úlohy vládneho bankára a správcu dlhu. História a činnosť banky od jej vzniku až po súčasnosť. 
610 2 0 |a banky emisné 
610 2 0 |a Bank of England 
610 2 0 |a 1694-1994 
610 2 0 |a Veľká Británia 
100 1 |a Martinko, R.